Country Names that Contain Numbers - Statistics

General Stats
  • This quiz has been taken 120 times
  • The average score is 3 of 7
Answer Stats
Hint Answer % Correct
π Philippines
56%
10 Liechtenstein
37%
1 Indonesia
36%
1 Sierra Leone
36%
10 Montenegro
32%
1 Micronesia
29%
π Ethiopia
25%
No matching quizzes found
Score Distribution
Percent of People with Each Score
Percentile by Number Answered
Your Score History
You have not taken this quiz